00506 a2200121 4500082001200000100001600012245009000028260008200118300004200200500005700242700002800299856005700327 aBICSE-2 aErum Masood a Bluetooth Based Proximity Detection and Authentication [Project BICSE2]cErum Masood a Islamabad,bNUST School of Electrical Engineering & Computer Science,c2008. axi, 88 p.b: ill.c; 27 cm. +eCD-ROM aSupervisors : Dr. Fauzan Mirza, Dr. Syed Ali Khayam. aHafsa Noor & Zabia Rais uhttp://10.250.8.41:8080/xmlui/handle/123456789/13072